Т. 1. Физические основы электротехники; Основы электротехники

Bibliographic Details
Parent link:Основы электротехники: учебник/ К. А. Круг. Т. 1. Физические основы электротехники.— 6-е изд., перераб..— , 1946
Language:Russian
Published: 1946
Subjects:
Format: Book
KOHA link:https://koha.lib.tpu.ru/cgi-bin/koha/opac-detail.pl?biblionumber=107541

MARC

LEADER 00000nam2a2200000 4500
001 107541
005 20231031115323.0
035 |a (RuTPU)RU\TPU\book\116101 
090 |a 107541 
100 |a 20061226d1946 m y0rusy50 ca 
101 0 |a rus 
102 |a RU 
105 |a a j 001zy 
200 0 |a Т. 1. Физические основы электротехники 
210 |d 1946 
215 |a 472 с.  |c ил. 
320 |a Алф. указ.: с. 470-472 
461 1 |0 (RuTPU)RU\TPU\book\134694  |t Основы электротехники  |o учебник  |o в 2 т.  |f К. А. Круг  |v Т. 1. Физические основы электротехники  |e 6-е изд., перераб.  |d 1946 
610 1 |a электротехника 
610 1 |a физические основы 
610 1 |a учебники 
610 1 |a электрическое поле 
610 1 |a постоянный ток 
610 1 |a магнитное поле 
675 |a 621.3(075.8)  |v 3 
801 1 |a RU  |b 63413507  |c 20061226  |g PSBO 
801 2 |a RU  |b 63413507  |c 20151008  |g PSBO 
942 |c BK